000 00644nam a2200241Ia 4500
003 OSt
005 20221007071142.0
006 a|||||r|||| 00| 0
007 ta
008 221006b |||||||| |||| 00| 0 eng d
020 _a9028602771
024 _a18,498
037 _cTextual
040 _aFLL
_cFLL
_beng
041 _2eng
_aeng
082 _aZ1,215, L7
100 _aOda Shigeru
_9688173
245 0 _aLaw of the sea in our time - I new developments, 1966-1975
260 _aLeyden
_bSijthoff Leyden
_c1977
300 _a268p
_ccm.
942 _hZ1,215, L7
_cTEXL
_2CC
999 _c1142602
_d1142602